Normal view
MARC view
- Environmental sampling
Entry Topical Term
001 - CONTROL NUMBER
- control field: 6543
003 - CONTROL NUMBER IDENTIFIER
- control field: NUST
005 - DATE AND TIME OF LATEST TRANSACTION
- control field: 20171120115518.0
008 - FIXED-LENGTH DATA ELEMENTS
- fixed length control field: 171120|| aca||aabn | a|a d
040 ## - CATALOGING SOURCE
- Original cataloging agency: NUST
- Transcribing agency: NUST
150 ## - HEADING--TOPICAL TERM
- Topical term or geographic name entry element: Environmental sampling
- Form subdivision: Handbooks, manuals, etc.
670 ## - SOURCE DATA FOUND
- Source citation: Work cat.: (NUST)0: Drum, Donald A. 6541, Environmental field testing and analysis ready reference handbook /, c2001.
